Statistics for Countries in the Answer

Click here to take the quiz!

General Stats

  • This quiz has been taken 388 times
  • The average score is 15 of 24

Answer Stats

ClueAnswer% Correct
Famous bike raceTour de {France}
96%
Greatest basketballer of all-time?Michael {Jordan}
95%
Youngest UN memberSouth {Sudan}
93%
Southern U.S. state{Georgia}
89%
Another name for porcelainFine {China}
82%
Animated movie about zoo animals{Madagascar}
76%
Capital of Trindad and TobagoPort-of-{Spain}
75%
Former name of BangladeshEast {Pakistan}
74%
It says gobble gobble{Turkey}
73%
Bolivia is actually its
largest producer
{Brazil} Nut
73%
Second James Bond movieFrom {Russia}
With Love
69%
Song by Madonna in the
"Evita" musical
Don't Cry For
Me {Argentina}
68%
Africa's second tallest mountainMount {Kenya}
59%
In 2014, Russian separatists shot
down a plane from this airline
{Malaysia} Airlines
58%
Actually comes from Ecuador{Panama} Hat
57%
Actor in "Jerry Maguire"{Cuba} Gooding Jr.
55%
Ancient Mesopotamian empireAs{syria}
51%
Animal known as "cuy" when
it is eaten as food
{Guinea} Pig
51%
2004 Don Cheadle movieHotel {Rwanda}
46%
"Resistance War Against America"{Vietnam} War
45%
"Land of Enchantment"New {Mexico}
33%
Only major lake infested with sharksLake {Nicaragua}
26%
Sports Illustrated swimsuit modelKathy {Ireland}
23%
Most famous Sibelius poem{Finland}ia
23%

Score Distribution

Percentile by Number Answered

Percent of People with Each Score

Your Score History

You have not taken this quiz